000 00842nam a2200337Ia 4500
001 59917
003 131845
005 20260222204416.0
008 ||||||n9999 ||| || ||
041 _aspa
082 _219
_a330101
100 1 _aMarx, Karl,
_d1818-1883
_91050
245 0 _aIntroduccion general a la critica de la economica politica
260 _aBogotá :
_bEditorial Latina,
_c1970.
300 _a41p
562 _e1
650 0 _aAnálisis económico
_9262
650 0 _aContexto social
_918722
650 0 _aEconomía marxista
_93689
650 0 _aEconomía política
_97875
650 0 _aMarxismo
_9776
650 _aMODOS DE PRODUCCIÓN
_94350
942 _cBKM
999 _c59917
_d59917
526 _a116204
526 _a4969
526 _a19790
526 _a104436
526 _a5144
526 _a51868
526 _a1697